[Event "Hessen-ch Seniors op 08th"]
[Site "Bad Sooden-Allendorf"]
[Date "2012.04.19"]
[Round "6"]
[White "Schmidt, Manfred"]
[Black "Van Geffen, Ben"]
[Result "1/2-1/2"]
[WhiteElo "2078"]
[BlackElo "2135"]
[PlyCount "33"]
[EventDate "2012.04.14"]
[EventType "swiss"]
[EventRounds "9"]
[EventCountry "GER"]
[SourceTitle "EXT 2019"]
[Source "ChessBase"]
[SourceDate "2018.10.10"]
[SourceVersion "1"]
[SourceVersionDate "2018.10.10"]
[SourceQuality "1"]

1. e4 c5 2. c3 d5 3. exd5 Qxd5 4. d4 g6 5. Be3 cxd4 6. cxd4 Bg7 7. Nc3 Qd8 8. Nf3 Nh6 9. Qd2 Nf5 10. Rd1 0-0 11. Be2 Nc6 12. 0-0 b6 13. d5 Ne5 14. Nxe5 Bxe5 15. Bf4 Bxf4 16. Qxf4 Bb7 17. Bg4 1/2-1/2

[Event "Hessen-ch Seniors op 08th"]
[Site "Bad Sooden-Allendorf"]
[Date "2012.04.15"]
[Round "2"]
[White "Janzen, Christian"]
[Black "Schmidt, Manfred"]
[Result "0-1"]
[WhiteElo "1799"]
[BlackElo "2078"]
[PlyCount "47"]
[EventDate "2012.04.14"]
[EventType "swiss"]
[EventRounds "9"]
[EventCountry "GER"]
[SourceTitle "EXT 2019"]
[Source "ChessBase"]
[SourceDate "2018.10.10"]
[SourceVersion "1"]
[SourceVersionDate "2018.10.10"]
[SourceQuality "1"]

1. e4 d5 2. exd5 Nf6 3. Nc3 Nxd5 4. Qf3 e6 5. Nxd5 exd5 6. d4 Be7 7. Bd2 0-0 8. Bd3 Nc6 9. c3 Bf6 10. 0-0-0 Be6 11. Ne2 Qd7 12. h3 Ne7 13. g4 Ng6 14. Bxg6 fxg6 15. Qg2 Rae8 16. f4 Qa4 17. Kb1 Qb5 18. Nc1 Re7 19. Qf1 Qb6 20. Qd3 a5 21. Qc2 Bd7 22. Qb3 Qc6 23. Nd3 a4 24. Qc2 0-1

[Event "Niedersachsen-ch Seniors op 14th"]
[Site "Bad Bevensen"]
[Date "2011.07.13"]
[Round "9"]
[White "Neese, Hans Joachim"]
[Black "Schmidt, Manfred"]
[Result "1/2-1/2"]
[WhiteElo "2042"]
[BlackElo "1850"]
[PlyCount "76"]
[EventDate "2011.07.05"]
[EventType "swiss"]
[EventRounds "9"]
[EventCountry "GER"]
[SourceTitle "EXT 2012"]
[Source "ChessBase"]
[SourceDate "2011.11.24"]
[SourceVersion "1"]
[SourceVersionDate "2011.11.24"]
[SourceQuality "1"]

1. d4 d5 2. Nf3 Nf6 3. c4 c6 4. Nc3 dxc4 5. a4 Bf5 6. Ne5 Nbd7 7. Nxc4 e6 8. f3 Be7 9. e4 Bg6 10. Be3 0-0 11. Be2 Qc7 12. 0-0 a6 13. Bf2 b5 14. Bg3 Qd8 15. Ne3 Nh5 16. Bf2 Nf4 17. Re1 Nxe2+ 18. Rxe2 b4 19. Nb1 Rc8 20. Nd2 e5 21. Nb3 exd4 22. Qxd4 c5 23. Qc4 Ne5 24. Qd5 c4 25. Na5 Nd3 26. Nc6 Qe8 27. Nxe7+ Qxe7 28. Bg3 Rfd8 29. Qa5 Qc5 30. Qxc5 Rxc5 31. Rc2 c3 32. bxc3 b3 33. Rd2 Rxc3 34. Rad1 f6 35. Rb1 Bf7 36. Kf1 Kf8 37. Be1 Ke8 38. Nd1 Rc2 1/2-1/2

[Event "GER-ch Seniors 22nd"]
[Site "Berlin"]
[Date "2010.08.24"]
[Round "9"]
[White "Metzger, Eberhard"]
[Black "Schmidt, Manfred"]
[Result "1/2-1/2"]
[WhiteElo "1732"]
[BlackElo "1890"]
[PlyCount "32"]
[EventDate "2010.08.16"]
[EventType "swiss"]
[EventRounds "9"]
[EventCountry "GER"]
[SourceTitle "CBM 138 Extra"]
[Source "ChessBase"]
[SourceDate "2010.10.29"]
[SourceVersion "1"]
[SourceVersionDate "2010.10.29"]
[SourceQuality "1"]

1. e4 d5 2. exd5 Nf6 3. Bb5+ Bd7 4. Be2 Nxd5 5. d4 Bf5 6. Bd3 Bg6 7. a3 e6 8. Nf3 Nd7 9. h3 Be7 10. 0-0 0-0 11. Bxg6 hxg6 12. c4 N7b6 13. Qe2 c5 14. Be3 Rc8 15. Nbd2 Re8 16. Rac1 Qc7 1/2-1/2

[Event "GER-ch Seniors 22nd"]
[Site "Berlin"]
[Date "2010.08.22"]
[Round "7"]
[White "Fischer, Semen"]
[Black "Schmidt, Manfred"]
[Result "0-1"]
[WhiteElo "1678"]
[BlackElo "1890"]
[PlyCount "80"]
[EventDate "2010.08.16"]
[EventType "swiss"]
[EventRounds "9"]
[EventCountry "GER"]
[SourceTitle "CBM 138 Extra"]
[Source "ChessBase"]
[SourceDate "2010.10.29"]
[SourceVersion "1"]
[SourceVersionDate "2010.10.29"]
[SourceQuality "1"]

1. Nc3 d5 2. d4 Bf5 3. Bf4 Nf6 4. e3 e6 5. Bd3 Bg6 6. h3 Bd6 7. Nge2 c6 8. Bxd6 Qxd6 9. Nf4 Nbd7 10. Nxg6 hxg6 11. Qd2 e5 12. dxe5 Nxe5 13. 0-0 0-0-0 14. Na4 g5 15. Bf5+ Kb8 16. f3 g6 17. Bg4 Nh7 18. f4 Nxg4 19. hxg4 Nf6 20. Qe2 Rh4 21. Kf2 Ne4+ 22. Ke1 Ng3 23. Qf3 Nxf1 24. Qxf1 Qb4+ 25. c3 Qxa4 26. g3 Rh2 27. b3 Qb5 28. Qxb5 cxb5 29. Rd1 Rh1+ 30. Ke2 Rxd1 31. Kxd1 Rh8 32. Kd2 Kc7 33. Kd3 Rh3 34. Kd4 Kd6 35. c4 bxc4 36. bxc4 dxc4 37. e4 b5 38. f5 Ke7 39. e5 Rxg3 40. Kd5 c3 0-1

[Event "Niedersachsen-ch Seniors op 13th"]
[Site "Bad Bevensen"]
[Date "2010.07.14"]
[Round "9"]
[White "Villing, Dieter"]
[Black "Schmidt, Manfred"]
[Result "1-0"]
[WhiteElo "2074"]
[BlackElo "1890"]
[PlyCount "41"]
[EventDate "2010.07.06"]
[EventType "swiss"]
[EventRounds "9"]
[EventCountry "GER"]
[SourceTitle "EXT 2012"]
[Source "ChessBase"]
[SourceDate "2011.11.24"]
[SourceVersion "1"]
[SourceVersionDate "2011.11.24"]
[SourceQuality "1"]

1. e4 d5 2. exd5 Nf6 3. d4 Nxd5 4. Nf3 g6 5. c4 Nb6 6. h3 Bg7 7. Nc3 0-0 8. Be3 Nc6 9. Qd2 e5 10. d5 Ne7 11. g4 f5 12. 0-0-0 f4 13. Bc5 Nd7 14. Ba3 Re8 15. c5 Kh8 16. Ng5 Rf8 17. Ne6 Qe8 18. Nxc7 Qd8 19. Nxa8 Qa5 20. Ne4 Qa4 21. Qb4 1-0

[Event "EU-chT Seniors 12th"]
[Site "Dresden"]
[Date "2010.02.14"]
[Round "5"]
[White "Schmidt, Manfred"]
[Black "Walter, Guenter"]
[Result "1/2-1/2"]
[WhiteElo "2128"]
[BlackElo "2281"]
[PlyCount "60"]
[EventDate "2010.02.10"]
[EventType "team-swiss"]
[EventRounds "9"]
[EventCountry "GER"]
[SourceTitle "CBM 134 Extra"]
[Source "ChessBase"]
[SourceDate "2010.03.03"]
[SourceVersion "1"]
[SourceVersionDate "2010.03.03"]
[SourceQuality "1"]
[WhiteTeam "Dresden Striesen (Seniors)"]
[BlackTeam "Brandenburg Seniors"]
[WhiteTeamCountry "GER"]
[BlackTeamCountry "GER"]

1. d4 Nf6 2. Nf3 c5 3. e3 g6 4. c4 Bg7 5. Nc3 0-0 6. Be2 cxd4 7. exd4 d5 8. h3 Nc6 9. 0-0 Bf5 10. a3 Rc8 11. Be3 dxc4 12. Bxc4 Ne4 13. Rc1 Na5 14. Be2 Nxc3 15. Rxc3 Rxc3 16. bxc3 Qd5 17. Nd2 b5 18. a4 a6 19. axb5 axb5 20. Qa1 Nc4 21. Nxc4 bxc4 22. Qa6 Be6 23. Ra1 Rc8 24. Ra4 h5 25. Bf3 Qd6 26. Qxd6 exd6 27. Ra8 Rxa8 28. Bxa8 d5 29. Bc6 f6 30. g4 hxg4 1/2-1/2

[Event "GER-ch Seniors 21st"]
[Site "Dresden"]
[Date "2009.08.07"]
[Round "5"]
[White "Schmidt, Manfred"]
[Black "Meier, Wolfgang"]
[Result "1/2-1/2"]
[WhiteElo "2093"]
[BlackElo "2203"]
[PlyCount "32"]
[EventDate "2009.08.03"]
[EventType "swiss"]
[EventRounds "9"]
[EventCountry "GER"]
[SourceTitle "CBM 131 Extra"]
[Source "ChessBase"]
[SourceDate "2009.09.03"]
[SourceVersion "2"]
[SourceVersionDate "2009.09.16"]
[SourceQuality "1"]

1. e4 c5 2. c3 Nf6 3. e5 Nd5 4. d4 cxd4 5. cxd4 e6 6. Nc3 Nxc3 7. bxc3 d6 8. Nf3 Nc6 9. exd6 Bxd6 10. Bd3 h6 11. 0-0 Qc7 12. Qe2 0-0 13. Re1 Rd8 14. Bd2 Bf8 15. Qe4 g6 16. Qh4 Rd5 1/2-1/2

[Event "GER-ch Seniors 21st"]
[Site "Dresden"]
[Date "2009.08.04"]
[Round "3"]
[White "Schmidt, Manfred"]
[Black "Schmid, Hartmut"]
[Result "1/2-1/2"]
[WhiteElo "2093"]
[BlackElo "2171"]
[PlyCount "88"]
[EventDate "2009.08.03"]
[EventType "swiss"]
[EventRounds "9"]
[EventCountry "GER"]
[SourceTitle "CBM 131 Extra"]
[Source "ChessBase"]
[SourceDate "2009.09.03"]
[SourceVersion "2"]
[SourceVersionDate "2009.09.16"]
[SourceQuality "1"]

1. e4 e5 2. Nf3 Nc6 3. Bb5 Bc5 4. c3 f5 5. d4 fxe4 6. Nxe5 Nxe5 7. Qh5+ Nf7 8. Bc4 Qe7 9. dxc5 d6 10. cxd6 cxd6 11. Bxf7+ Qxf7 12. Qxf7+ Kxf7 13. 0-0 Nf6 14. Nd2 Re8 15. Nb3 Be6 16. Nd4 Bc4 17. Re1 Kg8 18. Bf4 d5 19. h3 h6 20. g4 Kh7 21. a4 Bd3 22. Nb5 Rf8 23. Bg3 Rf7 24. Nd6 Rd7 25. Nf5 Rf8 26. Bd6 Re8 27. Bc5 g6 28. Ne3 a6 29. Ng2 Rf7 30. Bd4 Nd7 31. Ne3 Ne5 32. Bxe5 Rxe5 33. Rad1 h5 34. Kg2 Rd7 35. Rc1 Ree7 36. Nc2 Bxc2 37. Rxc2 hxg4 38. hxg4 d4 39. cxd4 Rxd4 40. Rec1 Kh6 41. Rc4 Rd2 42. R4c2 Rd3 43. Rc3 Rd2 44. R3c2 Red7 1/2-1/2

[Event "Bad Bevensen Seniors op 12th"]
[Site "Bad Bevensen"]
[Date "2009.07.13"]
[Round "7"]
[White "Wittmann, Georg"]
[Black "Schmidt, Manfred"]
[Result "1/2-1/2"]
[WhiteElo "1809"]
[BlackElo "1926"]
[PlyCount "25"]
[EventDate "2009.07.07"]
[EventType "swiss"]
[EventRounds "9"]
[EventCountry "GER"]
[SourceTitle "EXT 2022"]
[Source "ChessBase"]
[SourceDate "2021.10.06"]
[SourceVersion "1"]
[SourceVersionDate "2021.10.06"]
[SourceQuality "1"]

1. c4 c6 2. e4 d5 3. exd5 cxd5 4. cxd5 Qxd5 5. Nc3 Qa5 6. Qf3 Nc6 7. Bb5 Bd7 8. Nge2 Nf6 9. 0-0 e6 10. d4 Be7 11. Bf4 0-0 12. Bc4 a6 13. Rfd1 1/2-1/2

[Event "Niedersachsen-ch Seniors op 11th"]
[Site "Bad Bevensen"]
[Date "2008.07.16"]
[Round "9"]
[White "Detert, Heinz"]
[Black "Schmidt, Manfred"]
[Result "1/2-1/2"]
[WhiteElo "1825"]
[BlackElo "1919"]
[PlyCount "52"]
[EventDate "2008.07.08"]
[EventType "swiss"]
[EventRounds "9"]
[EventCountry "GER"]
[SourceTitle "EXT 2022"]
[Source "ChessBase"]
[SourceDate "2021.10.06"]
[SourceVersion "1"]
[SourceVersionDate "2021.10.06"]
[SourceQuality "1"]

1. d4 d5 2. Nf3 Nf6 3. e3 c6 4. Bd3 e6 5. Nbd2 Bd6 6. 0-0 Nbd7 7. e4 dxe4 8. Nxe4 Nxe4 9. Bxe4 Nf6 10. Bd3 Qc7 11. h3 Bd7 12. c4 b6 13. Re1 c5 14. a4 a5 15. d5 h6 16. Bd2 0-0-0 17. dxe6 Bxe6 18. Qc2 Qd7 19. Ra3 Rhe8 20. Bc3 Nh5 21. Be5 Nf4 22. Bxd6 Qxd6 23. Bf5 g6 24. Bxe6+ Rxe6 25. Rxe6 Nxe6 26. Qe4 Nc7 1/2-1/2

[Event "Niedersachsen-ch Seniors op 11th"]
[Site "Bad Bevensen"]
[Date "2008.07.11"]
[Round "4"]
[White "Schmidt, Manfred"]
[Black "Schneider, Miloca"]
[Result "1/2-1/2"]
[WhiteElo "1919"]
[BlackElo "1807"]
[PlyCount "55"]
[EventDate "2008.07.08"]
[EventType "swiss"]
[EventRounds "9"]
[EventCountry "GER"]
[SourceTitle "EXT 2022"]
[Source "ChessBase"]
[SourceDate "2021.10.06"]
[SourceVersion "1"]
[SourceVersionDate "2021.10.06"]
[SourceQuality "1"]

1. e4 e6 2. d4 d5 3. e5 c5 4. c3 Nc6 5. Nf3 Qb6 6. a3 c4 7. Nbd2 f6 8. Be2 fxe5 9. Nxe5 Nxe5 10. dxe5 Bc5 11. 0-0 Ne7 12. b4 cxb3 13. Nxb3 0-0 14. Nxc5 Qxc5 15. Qd3 b6 16. Be3 Qc7 17. f4 Bd7 18. Kh1 Be8 19. Bd4 Bg6 20. Qd2 Nc6 21. Bg4 Qd7 22. Qe3 Rae8 23. Qh3 Bf5 24. Bxf5 exf5 25. Rfe1 Qe6 26. Rad1 Na5 27. Qd3 Nc4 28. Ra1 1/2-1/2

[Event "Niedersachsen-ch Seniors op 11th"]
[Site "Bad Bevensen"]
[Date "2008.07.08"]
[Round "1"]
[White "Grasmik, Waldemar"]
[Black "Schmidt, Manfred"]
[Result "1-0"]
[WhiteElo "1425"]
[BlackElo "1919"]
[PlyCount "73"]
[EventDate "2008.07.08"]
[EventType "swiss"]
[EventRounds "9"]
[EventCountry "GER"]
[SourceTitle "EXT 2022"]
[Source "ChessBase"]
[SourceDate "2021.10.06"]
[SourceVersion "1"]
[SourceVersionDate "2021.10.06"]
[SourceQuality "1"]

1. d4 d5 2. e4 c6 3. Nc3 dxe4 4. h4 Nf6 5. Bg5 h6 6. Bxf6 exf6 7. Nxe4 Be6 8. a3 Nd7 9. c3 Be7 10. Bd3 Qb6 11. Qe2 a6 12. b4 a5 13. Rb1 axb4 14. axb4 Ra3 15. Nf3 Ra2 16. Nfd2 Qc7 17. g3 b6 18. Rh2 f5 19. Bc4 Ra3 20. Bxe6 fxe6 21. Nc4 Ra7 22. Qh5+ Kd8 23. Ng5 Bxg5 24. hxg5 Kc8 25. Qf7 Nf8 26. Nd6+ Qxd6 27. Qxa7 Nd7 28. Qa8+ Nb8 29. Ra1 e5 30. Ra7 Re8 31. Qb7+ Kd8 32. Qxb6+ Kc8 33. Qb7+ Kd8 34. Ra8 exd4+ 35. Kf1 dxc3 36. Rxb8+ Qxb8 37. Qxb8+ 1-0

[Event "Schleswig Holstein-ch Seniors op"]
[Site "Eckernfoerde"]
[Date "2007.09.29"]
[Round "4"]
[White "Schmidt, Manfred"]
[Black "Klose, Hans Peter"]
[Result "1-0"]
[WhiteElo "1448"]
[BlackElo "1766"]
[PlyCount "127"]
[EventDate "2007.09.26"]
[EventType "swiss"]
[EventRounds "7"]
[EventCountry "GER"]
[SourceTitle "EXT 2008"]
[Source "ChessBase"]
[SourceDate "2007.11.25"]
[SourceVersion "1"]
[SourceVersionDate "2007.11.25"]
[SourceQuality "1"]

1. d4 Nf6 2. Nf3 g6 3. Nc3 Bg7 4. Bf4 a6 5. e4 d6 6. e5 Nh5 7. Qd2 Nxf4 8. Qxf4 0-0 9. Bc4 e6 10. Qg4 d5 11. Bd3 Nc6 12. a3 Qe7 13. 0-0 b5 14. b4 Bd7 15. Ne2 f6 16. Qg3 fxe5 17. dxe5 Bh6 18. c3 Kh8 19. Qh3 Qg7 20. Qg3 Qe7 21. Rfe1 Be8 22. h4 Rg8 23. Ng5 Bd7 24. f4 a5 25. Bxb5 axb4 26. cxb4 Rab8 27. Bd3 Na7 28. Nd4 c5 29. bxc5 Qxc5 30. Qf2 Bxg5 31. hxg5 Nb5 32. Bxb5 Bxb5 33. Nxe6 Qe7 34. Nd4 Qd7 35. e6 Qe7 36. Reb1 Ba4 37. Rxb8 Rxb8 38. Qe2 Qd6 39. g3 Kg8 40. Qd2 Qb6 41. Rc1 Qa7 42. Qc3 Kf8 43. Qc5+ Qxc5 44. Rxc5 Rb1+ 45. Kf2 Rb2+ 46. Kg1 Rb1+ 47. Kh2 Rb2+ 48. Kh3 Ke7 49. Rc7+ Kd6 50. Rxh7 Rb1 51. Kg2 Rb2+ 52. Kh3 Kc5 53. Nf3 Rb1 54. e7 Rh1+ 55. Nh2 Re1 56. f5 Bd7 57. g4 gxf5 58. g6 fxg4+ 59. Nxg4 Kd6 60. g7 Rh1+ 61. Kg2 Rxh7 62. g8Q Rxe7 63. Qb8+ Kc5 64. Qb4+ 1-0

[Event "GER-ch Seniors Gp-A 19th"]
[Site "Templin"]
[Date "2007.08.31"]
[Round "9"]
[White "Siegmund, Rainer"]
[Black "Schmidt, Manfred"]
[Result "1/2-1/2"]
[WhiteElo "2061"]
[BlackElo "1935"]
[PlyCount "37"]
[EventDate "2007.08.23"]
[EventType "swiss"]
[EventRounds "9"]
[EventCountry "GER"]
[SourceTitle "EXT 2022"]
[Source "ChessBase"]
[SourceDate "2021.10.06"]
[SourceVersion "1"]
[SourceVersionDate "2021.10.06"]
[SourceQuality "1"]

1. d4 d5 2. c4 c6 3. Nf3 Nf6 4. Nc3 dxc4 5. a4 Bf5 6. Ne5 e6 7. f3 Bb4 8. e4 Bg6 9. Bxc4 0-0 10. 0-0 Nbd7 11. Nxg6 hxg6 12. Be3 e5 13. Qb3 Qb6 14. Ne2 exd4 15. Bxd4 Bc5 16. Qxb6 Bxb6 17. Rfd1 Rfd8 18. Kf1 Bxd4 19. Rxd4 1/2-1/2

[Event "Niedersachsen-ch Seniors op 10th"]
[Site "Bad Bevensen"]
[Date "2007.07.08"]
[Round "6"]
[White "Dietrich, Igor"]
[Black "Schmidt, Manfred"]
[Result "0-1"]
[WhiteElo "1747"]
[BlackElo "1934"]
[PlyCount "109"]
[EventDate "2007.07.03"]
[EventType "swiss"]
[EventRounds "9"]
[EventCountry "GER"]
[SourceTitle "EXT 2022"]
[Source "ChessBase"]
[SourceDate "2021.10.06"]
[SourceVersion "1"]
[SourceVersionDate "2021.10.06"]
[SourceQuality "1"]

1. e4 d5 2. exd5 Nf6 3. c4 c6 4. d4 cxd5 5. Nc3 e6 6. Nf3 Be7 7. c5 0-0 8. Ne5 Nc6 9. f4 Bd7 10. Be2 Rb8 11. a3 Ne8 12. 0-0 f6 13. Nxc6 Bxc6 14. Bg4 f5 15. Bf3 Nf6 16. b4 a6 17. a4 Ne4 18. Qc2 Qd7 19. Bb2 Bf6 20. Nd1 Rfd8 21. Nf2 Qe7 22. Nd3 Qd7 23. Be2 Qe8 24. Qb3 Nd2 25. Qc2 Nxf1 26. Bxf1 Rdc8 27. a5 Bb5 28. Be2 Rc6 29. Re1 Rc7 30. Bf3 Re7 31. Ne5 Bxe5 32. Rxe5 Bc4 33. Qd1 Qb5 34. h3 h6 35. Re3 Rf8 36. Qe1 Rfe8 37. Bc3 Qd7 38. Qd2 Bb5 39. Re5 Bc4 40. Qe3 Qa4 41. Qd2 Qb5 42. Re3 g6 43. Qe1 Bb3 44. Kh2 Qd7 45. Re5 Bc2 46. Re3 Be4 47. Be2 Qc7 48. Qf2 g5 49. g3 gxf4 50. Qxf4 Qxf4 51. gxf4 Rd7 52. Rg3+ Rg7 53. Bd1 Rxg3 54. Kxg3 Kf7 55. Kh2 0-1

[Event "GER-ch Seniors 18th"]
[Site "Dresden"]
[Date "2006.07.29"]
[Round "8"]
[White "Schmidt, Manfred"]
[Black "Johannsen, Ingbert"]
[Result "0-1"]
[WhiteElo "2105"]
[BlackElo "2175"]
[PlyCount "120"]
[EventDate "2006.07.22"]
[EventType "swiss"]
[EventRounds "9"]
[EventCountry "GER"]
[SourceTitle "CBM 113 Extra"]
[Source "ChessBase"]
[SourceDate "2006.09.14"]
[SourceVersion "1"]
[SourceVersionDate "2006.09.14"]
[SourceQuality "1"]

1. e4 e6 2. d4 d5 3. e5 c5 4. c3 Nc6 5. Nf3 Qb6 6. a3 c4 7. Nbd2 f6 8. Be2 fxe5 9. Nxe5 Nxe5 10. dxe5 Bc5 11. 0-0 Nh6 12. Bh5+ Nf7 13. Bxf7+ Kxf7 14. Qh5+ Kf8 15. Nf3 Bd7 16. Ng5 Be8 17. Qf3+ Ke7 18. Qg3 Ba4 19. Be3 Rag8 20. Bxc5+ Qxc5 21. Qh4 Qb6 22. Nf3+ Kd7 23. Nd4 g5 24. Qh5 Ke7 25. Kh1 Be8 26. Qe2 Bg6 27. Qd2 Bd3 28. Rfe1 h5 29. b3 Rg6 30. bxc4 dxc4 31. Ra2 Rf8 32. Rb2 Qc7 33. Nb5 Qc5 34. Qe3 Qxe3 35. Rxe3 a6 36. Nd6 b5 37. a4 Ra8 38. a5 g4 39. Kg1 Kd7 40. Ne4 Kc6 41. Nf6 Rh8 42. Rd2 h4 43. Rb2 Rd8 44. Rd2 Rb8 45. Rb2 Rg7 46. Ne4 b4 47. Nd6 b3 48. Re1 Kd5 49. Re3 Rg5 50. Nf7 Rf5 51. Nh6 Rxe5 52. Nxg4 Rxe3 53. Nxe3+ Ke4 54. Nd1 Rb5 55. f3+ Kd5 56. Kf2 Rxa5 57. Ke1 Ra2 58. Kd2 a5 59. Kc1 Ra1+ 60. Kd2 a4 0-1